=LDR 00000nam 2200000 4500 =001 INLIS000000000027842 =005 20130612130204 =008 ***********************************Ind** =035 ##$$0010-061300000027842 =041 ##$$a Ind =082 ##$$a 372.7 =090 ##$$a 372.7, Pri d =100 ##$$a Pribadie, WS =245 ##$$a Dasar-dasar matematika taman kanak-kanak (usia 4-6 tahun), WS Pribadie, Aryanto Suryanungtyas =260 ##$$a [s.a] $b jakarta =300 ##$$a iv, 60 hlm, ilus, 23 cm =650 ##$$a Pendidikan dasar-matematika =700 ##$$a Suryanintyas, Aryanto =850 ##$$a NBPNMAT